Todo bien, todo bien / (Registro nro. 58415)

Detalles MARC
000 -CABECERA
Longitud fija campo de control 01139cam a2200325 a 4500
003 - • IDENTIFICADOR DELl NÚMERO DE CONTROL
Identificador del número de control CO-BoRNBP
005 - • FECHA Y HORA DE LA ÚLTIMA TRANSACCIÓN
Fecha y hora de la última transacción 20250822145240.0
007 - • CAMPO FIJO DE DESCRIPCIÓN FÍSICA
Campo fijo de descripción física ta
008 - • CÓDIGOS DE INFORMACIÓN DE LONGITUD FIJA
Códigos de información de longitud fija 160531s2016 ck a gr 000 jdspa
020 ## - • NÚMERO INTERNACIONAL NORMALIZADO PARA LIBROS
Número Internacional Normalizado para Libros (ISBN) 9789585937895
040 ## - FUENTE DE LA CATALOGACIÓN
Centro catalogador de origen CO-BoBN
Lengua de catalogación spa
Centro transcriptor CO-BoBN
082 04 - • NÚMERO DE LA CLASIFICACIÓN DECIMAL DEWEY
Número de clasificación (R) Co863.5
Número de edición 23
084 ## - • Clasificación Local Alfanúmerica PNLB
Número de clasificación C VER
100 1# - • PUNTO DE ACCESO PRINCIPAL-NOMBRE DE PERSONA
Nombre de persona Bernal Pinilla, Luis Darío,
Fechas asociadas al nombre 1950-
245 10 - • TITULO PROPIAMENTE DICHO
Título Todo bien, todo bien /
Mención de responsabilidad, etc. Luis Darío Bernal Pinilla ; [ilustraciones, Carlos Manuel Díaz Consuegra]
250 ## - • MENCIÓN DE EDICIÓN
Mención de edición 1a. ed.
300 ## - • DESCRIPCIÓN FÍSICA
Extensión 180 p. :
Otras características físicas il. byn ;
Dimensiones 20 cm
336 ## - TIPO DE CONTENIDO
Fuente rdacontent
Término de tipo de contenido texto
Código de tipo de contenido txt
337 ## - TIPO DE MEDIO
Fuente rdamedia
Nombre del tipo de medio sin mediación
Código del tipo de medio n
338 ## - TIPO DE SOPORTE
Fuente rdacarrier
Nombre del tipo de soporte volumen
Código del tipo de soporte nc
490 0# - • MENCIÓN DE SERIE
Mención de serie Narrativa
500 ## - • NOTA GENERAL
Nota general Contiene datos biográficos del autor e ilustrador
500 ## - • NOTA GENERAL
Nota general "Carlos "El Pibe" Valderrama, mejor futbolista de América"--Cubierta
521 1# - • NOTA DE PÚBLICO DESTINATARIO
Nota público destinatario (R ) Para niños de 12 años en adelante
650 14 - • PUNTO DE ACCESO ADICIONAL DE MATERIA - TÉRMINO DE MATERIA
Término de materia o nombre geográfico como elemento inicial Cuentos juveniles colombianos
Subdivisión cronológica Siglo XXI
Fuente del encabezamiento o término LEMB
700 1# - • PUNTO DE ACCESO ADICIONAL - NOMBRE DE PERSONA
Nombre de persona Díaz Consuegra, Carlos Manuel,
Fechas asociadas al nombre 1973-
-- 1973-
Término indicativo de función ilustrador
942 ## - ENTRADA DE ELEMENTOS AGREGADOS (KOHA)
Fuente de clasificaión o esquema Dewey Decimal Classification
Koha [por defecto] tipo de item LIbro
990 ## - EQUIVALENCIA O SECCIÓN-REFERENCIA [LOCAL, CANADA]
Enlace de información para campos 9XX 2016-4294
Enlace de información para campo correspondiente a campo 9XX Distribuidora y Editora Richmond S.A.
Existencias
Perdido Fuente de clasificación o esquema Estado Físico No para préstamo Forma de adquisición Localización permanente Localización actual Localización en estanterías Fecha adquisición Préstamos totales Renovaciones totales Signatura completa Código de barras Prestado Fecha última consulta Fecha último préstamo Número de copia Fecha del precio de reemplazo Tipo de item de Koha
  Clasificación Local Facetada     Colección General Biblioteca Pública San Juanito - Ernesto Maria Peña Romero Biblioteca Pública San Juanito - Ernesto Maria Peña Romero Literatura 08/22/2025 1 2 C VER SJU01557 04/22/2026 03/11/2026 03/11/2026 Ej.1 08/22/2025 LIbro









Instituto Departamental de Cultura del Meta - Red Departamental de Bibliotecas Públicas del Meta.